UBT Library

The Arlington reader : (Record no. 42347)

000 -LEADER
fixed length control field 00755cam a2200253 a 4500
001 - CONTROL NUMBER
control field 16442818
005 - DATE AND TIME OF LATEST TRANSACTION
control field 20180213035200.0
008 - FIXED-LENGTH DATA ELEMENTS--GENERAL INFORMATION
fixed length control field 100901s2011 maua b 001 0 eng
010 ## - LIBRARY OF CONGRESS CONTROL NUMBER
LC control number 2010936228
020 ## - INTERNATIONAL STANDARD BOOK NUMBER
International Standard Book Number 9780312643591 (pbk. : instructor's ed.)
020 ## - INTERNATIONAL STANDARD BOOK NUMBER
International Standard Book Number 9780312605650 (alk. paper)
040 ## - CATALOGING SOURCE
Original cataloging agency DLC
Transcribing agency DLC
041 ## - LANGUAGE CODE
Language code of text/sound track or separate title eng
042 ## - AUTHENTICATION CODE
Authentication code pcc
080 ## - UNIVERSAL DECIMAL CLASSIFICATION NUMBER
Universal Decimal Classification number 37 smi
082 ## - DEWEY DECIMAL CLASSIFICATION NUMBER
Edition number 37 smi
100 ## - Rafti
Rafti 48
101 ## - Shkurtesa
Shkurtesa edu
245 14 - TITLE STATEMENT
Title The Arlington reader :
Statement of responsibility, etc [compiled by] Lynn Z. Bloom, Louise Z. Smith.
504 ## - BIBLIOGRAPHY, ETC. NOTE
Bibliography, etc Includes bibliographical references and index.
906 ## - LOCAL DATA ELEMENT F, LDF (RLIN)
a 7
b cbc
c orignew
d 3
e epcn
f 20
g y-gencatlg
942 ## - ADDED ENTRY ELEMENTS (KOHA)
Source of classification or shelving scheme
Item type Books
Holdings
Withdrawn status Lost status Source of classification or shelving scheme Damaged status Not for loan Collection code Permanent location Current location Shelving location Date acquired Total Checkouts Full call number Barcode Date last seen Price effective from Koha item type
          Koleksioni i përgjithshem UBT - Lipjan UBT - Lipjan Koleksioni i përgjithshem 02/13/2018   37 smi 002-2999140 02/13/2018 02/13/2018 Books
          Koleksioni i përgjithshem UBT - Lipjan UBT - Lipjan Koleksioni i lëndeve mesimore 03/12/2021   37 SMI 002-7001869 03/12/2021 03/12/2021 Books
UBT Library © 2015-2024. All rights reserved University Education for Business and Technology